00706pam a2200157 a 4500020004400000041000800044082001700052100002200069245006300091260014800154300001700302500011800319650002200437700002600459856006300485 a0521375606 (Cambridge University Press) aENG00a200.973bLAC aLacey, Michael J.00aReligion and twentieth-century American intellectual life  a[Washington, D.C.] :bWoodrow Wilson International Center for Scholars ;aCambridge [England] ;aNew York :bCambridge University Press,c1989. aix, 214 p. ; aEssays from a conference held in 1986 at the Woodrow Wilson International Center for Scholars in Washington, D.C. 0aReligious thought1 aLacey, Michael James.42uhttp://www.loc.gov/catdir/description/cam023/89000962.html